000 02816cam a22003131i 4500
003 SA-RiAUC
005 20260415140954.0
008 260319s1955 ua g 00000bara c
040 _aSA-RiKSU
_bara
_cSA-RiAUC
_erda
050 4 _b.A36 1955
082 0 4 _a239
_qSA-RiAUC
090 _aم ن 239
_bا ح م
100 1 _aأحمد تيمور، أحمد بن إسماعيل بن محمد تيمور،
_cباشا،
_d1871-1930
_eمؤلف.
245 1 2 _aالآثار النبوية /
_cأحمد تيمور.
250 _aالطبعة الثانية.
264 1 _aالقاهرة :
_bدار الكتاب العربي،
_c1955
300 _a123 صفحة؛
_c29 سم.
336 _aنص
_btxt
_2rdacontent
_3كتاب
337 _aبدون وسيط
_bn
_2rdamedia
338 _aمجلد
_bnc
_2rdacarrier
600 0 7 _aمحمد (صلى الله عليه وسلم)،
_d53 قبل الهجرة-11 هجري
_2aucnm
650 7 _aالسيرة النبوية
_2aucsh
653 _aالديانات
856 _uhttps://www.hindawi.org/books/72916402/
_yExternal Link
_2 نرجو الانتباه لإمكانية وجود اختلاف في الطبعة أو الناشر بين البيانات على البوابة وما ستجده على الكتاب نظرا لمحدودية المعلومات المتاحة على الموقع الناشر للمادة.
_3Please note that there may be a difference in the edition or publisher between the data on the portal and the book due to the limited information available on the publisher website for the material.
856 _uhttps://s3.amazonaws.com/images.hindawi.org/kalimat/covers/svg/270x360/72916402.svg
_yCoverImage
_2 نرجو الانتباه لإمكانية وجود اختلاف في الطبعة أو الناشر بين البيانات على البوابة وما ستجده على الكتاب نظرا لمحدودية المعلومات المتاحة على الموقع الناشر للمادة.
_3Please note that there may be a difference in the edition or publisher between the data on the portal and the book due to the limited information available on the publisher website for the material.
856 _uhttps://www.hindawi.org/books/72916402.pdf
_yDigital Copy
_2 نرجو الانتباه لإمكانية وجود اختلاف في الطبعة أو الناشر بين البيانات على البوابة وما ستجده على الكتاب نظرا لمحدودية المعلومات المتاحة على الموقع الناشر للمادة.
_3Please note that there may be a difference in the edition or publisher between the data on the portal and the book due to the limited information available on the publisher website for the material.
942 _2ddc
_cRBOOK COPY
_n0
949 _aSA-JeALM
_d260319
_umohamedma123
_n1
999 _c14798
_d14798